000 01726nam a2200385 c 4500
003 BLK
005 20250729155955.0
008 180408b bul|||||r ||||||| ||bul||
010 _aKNG00059681000
020 _a954-730-261-2
_bиздат.: Сиби
040 _aBLK
041 _aBUL
_cBUL
080 _aСемейно право. Наследствено право. - Семейство, женитба, брак, права и задължения на съпрузите, разторгване на брак и др.
_b347.6
_x(497.2)(075.8)
_z347.6(497.2)(075.8)
100 1 _aМарков, Методи Марков
_eпърви автор
_9368911
139 _aМарков, Методи Марков
_bМ 32
245 1 0 _aСемейно и наследствено право
_bПомагало
_cМетоди Марков Марков.
250 _a2. прераб. и доп. изд.
257 _aBGR
260 София
_bСиби
_c2005
_fСофия : Инвестпрес
300 _a216 с.
_c19 см
380 _a3
490 1 _aПоредица Modus studendi : Преглед на изпитната материя
500 _a1. изд. 2004. - Библиогр. след всяка гл.
650 4 _aЛично и семейно право - България
_9260589
650 4 _aНаследствено право - България
_9243212
653 _aсемейно право
653 _aнаследствено право
653 _aучебници за ВУЗ
852 _aЦб 227733
856 4 _qpdf
_u
856 4 _qpdf
_u
942 _cKNG
_n0
_02
944 _aCR
_c31.05.2006
_k30535
_lХристина Везирева
944 _aED
_c30.06.2006
_k
999 _c55709
_d55709